| 000 | 00531 a2200169 4500 | ||
|---|---|---|---|
| 020 | _a1846280346 | ||
| 040 |
_aDLC _bDLC |
||
| 100 | 1 | _aVince, John | |
| 245 | 1 | 0 |
_aMathematics for computer graphics _cJohn Vince. |
| 250 | _a2nd ed. | ||
| 260 |
_aLondon : _bSpringer, _cc2006. |
||
| 300 |
_axiv, 248 p. : _bill. ; _c24 cm. |
||
| 500 | _aPrevious ed. published under the title: Essential mathematics for computer graphics fast. 2001. | ||
| 650 | 0 |
_aComputer graphics _xMathematics. |
|
| 700 | 1 | _aVince, John | |
| 942 |
_cBK _k510 VIN _2ddc |
||
| 999 |
_c7488 _d7488 |
||